Na ceste k dokonalým webovým stránkam (na predmet multimédiá v obchode II)
Salvato in:
| Autore principale: | |
|---|---|
| Ente Autore: | |
| Altri autori: | , , |
| Natura: | Libro |
| Lingua: | slovacco |
| Pubblicazione: |
Bratislava
Vydavateľstvo EKONÓM
2008
|
| Soggetti: | |
| Tags: |
Nessun Tag, puoi essere il primo ad aggiungerne!!
|
MARC
| LEADER | 00000nam$a2200000$$$4500 | ||
|---|---|---|---|
| 001 | 0087815 | ||
| 005 | 20240502072003.0 | ||
| 020 | |a 978-80-225-2642-5 | ||
| 041 | 0 | |a slo | |
| 044 | |a SK | ||
| 245 | 1 | 0 | |a Na ceste k dokonalým webovým stránkam |b (na predmet multimédiá v obchode II) |c Attila Pólya, Marián Poláček |
| 264 | 1 | |a Bratislava |b Vydavateľstvo EKONÓM |c 2008 | |
| 300 | |a 119 s. | ||
| 610 | 2 | 0 | |a internet |
| 610 | 2 | 0 | |a multimédiá |
| 610 | 2 | 0 | |a obchod |
| 610 | 2 | 0 | |a programovanie |
| 100 | 1 | |a Pólya, Attila | |
| 700 | 1 | |a Poláček, Marian | |
| 700 | 1 | |a Žák, Štefan, 1971- | |
| 700 | 1 | |a Hečko, Ivan | |
| 710 | 2 | |a Ekonomická univerzita v Bratislave. Obchodná fakulta | |